Ādhunika cintādhārā. (Record no. 62232)

MARC details
000 -LEADER
fixed length control field 00535cam a22002171 4500
001 - CONTROL NUMBER
control field sa 65001790
003 - CONTROL NUMBER IDENTIFIER
control field DLC
005 - DATE AND TIME OF LATEST TRANSACTION
control field 20260227112111.0
008 - FIXED-LENGTH DATA ELEMENTS--GENERAL INFORMATION
fixed length control field 940426s1964 ii c 000 1 benr
010 ## - LIBRARY OF CONGRESS CONTROL NUMBER
LC control number sa 65001790
025 ## - OVERSEAS ACQUISITION NUMBER
Overseas acquisition number PL480:EP-B-715
035 ## - SYSTEM CONTROL NUMBER
System control number (OCoLC)30334260
040 ## - CATALOGING SOURCE
Original cataloging agency DLC
Transcribing agency CU
Modifying agency CU
-- TxU
-- DLC
042 ## - AUTHENTICATION CODE
Authentication code premarc
050 00 - LIBRARY OF CONGRESS CALL NUMBER
Classification number AC118
Item number .Q3
100 1# - MAIN ENTRY--PERSONAL NAME
Personal name Quasem, Mohammad Abul,
Dates associated with a name 1920-
245 10 - TITLE STATEMENT
Title Ādhunika cintādhārā.
260 ## - PUBLICATION, DISTRIBUTION, ETC.
Date of publication, distribution, etc. 1964.
300 ## - PHYSICAL DESCRIPTION
Extent 112 p.
Other physical details ports.
Dimensions 23 cm.
500 ## - GENERAL NOTE
General note In Bengali.

No items available.

Powered by Koha